000 00271nam a2200109Ia 4500
008 190216s9999||||xx |||||||||||||| ||und||
100 _aPattan Shetty P T&Amp;Palekar Dr
245 0 _aCost Accounting A Basic Approach
260 _bNull
_c1999
300 _a551p
942 _cBK
999 _c4443
_d4443